000 00303nam a22001337a 4500
008 171104b xxu||||| |||| 00| 0 eng d
020 _a9780256113068
041 _aeng
080 _a330.722.6
100 _a61
101 _aKON
245 _aINTERMEDIATE ACCOUNTING
_cDYCKMAN, TH.R
942 _2udc
_cBK
999 _c37680
_d37680